1045 1131 1370 1585 1286 1475 1535 1656 1396 1978 1755 1536 1513 1999 1484 1837 1398 1324 1247 1087 1170 1415 1649 1131 1308 1207 1145 1491 1360 1393 1729 1372 1198 1896 1605 1980 1546 1481 1465 1240 1723 1836 1192 1526 1816 1395 1149 1671 1464 1793 1549 1845 1165 1290 1940 1404 1978 1529 1566 1722 1975 1926 1885 1470 1162 1417 1034 1807 1589 1831 1626 1190 1474 1774 1775 1421 1612 1873 1944 1845 1606 1817 1524 1840 1720 1642 1905 1950 1552 1418 1217 1076 1186 1325 1293 1235 1431 1539 1676 BCNSPRNW ULIB Ver.6.0+V

เปลี่ยนเป็นภาษาไทย

Change to English
 แสดงรายละเอียดบรรณานุกรม
  กลับหน้าหลัก

Brief Record : Get Marc (ISO 2709) : E-mail record : QR code < ปิดหน้าต่าง
LEADER : 00000nam 2200000uu 4500
001    13399122678
003     ULIB
008    130827s2555||||th 000 0 tha d
020    ^a9789746726696
060  4 ^aQS4^bผ381ก
100    ^aผาสุก มหรรฆานุเคราะห์
245    ^aกายวิภาคศาสตร์และนิติมานุษยวิทยาของกระดูกมนุษย์./^cผาสุก มหรรฆานุเคราะห์ ; บรรณาธิการ
250    ^aพิมพ์ครั้งที่ 1
260    ^aเชียงใหม่ :^bคณะแพทยศาสตร์ มหาวิทยาลัยเชียงใหม่,^c2555
300    ^a220 หน้า
650    ^aกายวิภาคศาสตร์^xกระดูก
710 1  ^aมหาวิทยาลัยเชียงใหม่.^bคณะแพทยศาสตร์.
945    ^p500^l0^i033914
945    ^p500^l0^i033915
945    ^p500^l0^i033916
999    ^aเกษร โพธิ์สุวรรณ
รายการนี้ยังไม่มีแท็ก
คุณยังไม่ได้ล็อกอิน คุณสามารถมีกิจกรรมร่วมกับเว็บไซต์ได้ แต่ต้องล็อกอินก่อน ::
  ล็อกอิน

รายการสื่อสารสนเทศ

ลำดับที่ ประเภท เลขเรียก/บาร์โค้ด สถานที่ สถานะ
1. วิทยาศาสตร์การแพทย์ และสุขภาพ
หนังสือสำรอง
สถานะ=หนังสือสำรอง
QS4 ผ381ก ฉ.1 
  Barcode: 033914
ห้องสมุดวิทยาเขตสวรรค์ประชารักษ์
►ส่วนจัดเก็บหนังสือเก่า สปร
บนชั้น
  ขอยืม
2. วิทยาศาสตร์การแพทย์ และสุขภาพ
วิทยาศาสตร์การแพทย์ และสุขภาพ
QS4 ผ381ก ฉ.2 
  Barcode: 033915
ห้องสมุดวิทยาเขตสวรรค์ประชารักษ์
►ส่วนจัดเก็บหนังสือเก่า สปร
บนชั้น
  ขอยืม
3. วิทยาศาสตร์การแพทย์ และสุขภาพ
วิทยาศาสตร์การแพทย์ และสุขภาพ
QS4 ผ381ก ฉ.3 
  Barcode: 033916
ห้องสมุดวิทยาเขตสวรรค์ประชารักษ์
►ส่วนจัดเก็บหนังสือเก่า สปร
บนชั้น
  ขอยืม

รายการใกล้เคียง
    ผู้แต่ง [ผาสุก มหรรฆานุเคราะห์]

BibComment


ยังไม่เคยถูกคอมเมนท์

คอมเมนท์ทรัพยากรรายการนี้
  คอมเมนท์: กายวิภาคศาสตร์แล..


 Copyright 2026. Bcnsprnw @Library